Ilusiones / (Registro nro. 9472)
[ vista simple ]
| 000 -LIDER | |
|---|---|
| fixed length control field | 00519nam a2200205 4500 |
| 001 - NÚMERO DE CONTROL | |
| Identificador de número de control | 0007564 |
| 003 - IDENTIFICACDOR DE NÚMERO DE CONTROL | |
| control field | DO-SdBNP |
| 005 - DATE AND TIME OF LATEST TRANSACTION | |
| control field | 20171102110433.0 |
| 007 - CAMPOS FIJOS DE DESCRIPCIÓN FÍSICA | |
| fixed length control field | 0007564 |
| 008 - ELEMENTOS DE LONGITUD FIJA | |
| fixed length control field | 160331b 19uu ||||| |||| 00| 0 spa d |
| 040 ## - FUENTE DE CATALOGACIÓN | |
| Agencia que crea de manera original el registro | BPMSU |
| Idioma de catalogación | spa |
| Agencia que realiza la transcripción | BPMSU |
| 100 ## - ASIENTO PRINCIPAL -- NOMBRE PERSONAL | |
| Término de relación | Bach, Richard |
| 245 ## - MENCIÓN DE TITULO | |
| Título | Ilusiones / |
| Subtítulo | |
| Mención de responsabilidad | Richard Bach |
| 260 ## - PUBLICACIÓN, DISTRIBUCIÓN, ETC. (PIE DE IMPRENTA) | |
| Lugar de publicación, distribución, etc | [s.l : |
| Nombre del editor, distribuidor, etc. | s.n., |
| Fecha de publicación, distribución, etc | 190-?] |
| 300 ## - DESCRIPCIÓN FÍSICA | |
| Extensión | 139 p. : |
| Otros detalles físicos | |
| Dimensiones | 21 cm. |
| 700 ## - ASIENTO SECUNDARIO -- NOMBRE PERSONAL | |
| Nombre personal | |
| Mención de responsabilidad | |
| 942 ## - ADDED ENTRY ELEMENTS (KOHA) | |
| Source of classification or shelving scheme | Dewey Decimal Classification |
| Koha item type | Libros |
| 945 ## - INFORMACIÓN DE PROCESAMIENTO LOCAL | |
| Información de procesamiento local | Inventariado, 2017/MFF |
| 956 ## - LOCAL ELECTRONIC LOCATION AND ACCESS (OCLC) | |
| Método de acceso | VMATEO |
| Materiales especificados | 10 |
| Enlace | 20160331 |
| Campo enlazado y núm. de secuencia | BPMSU |
| Nombre de host | 0069 |
| Withdrawn status | Lost status | Source of classification or shelving scheme | Damaged status | Not for loan | Collection code | Home library | Current library | Date acquired | Source of acquisition | Total Checkouts | Barcode | Date last seen | Price effective from | Koha item type |
|---|---|---|---|---|---|---|---|---|---|---|---|---|---|---|
| Dewey Decimal Classification | Colección General | Biblioteca Pública Metropolitana Salomé Ureña | Biblioteca Pública Metropolitana Salomé Ureña | 03/31/2016 | FUNDI | BPMSU16030381 | 03/31/2016 | 03/31/2016 | Libros |